000 00763nam a22002537a 4500
001 52048
003 UA-OsUOA
005 20201016193728.0
007 ta
008 20080129b un ||||| |||| 00| 0 ukr d
020 _a5308009252
040 _aUA-OsUOA
_bukr
_cUA-OsUOA
_dUA-OsUOA
041 _aukr
080 _a82. 09
090 _a82. 09
_bС 60
100 _aСоловей Е. С.
245 _aПоезія пізнання: філософська лірика в сучасній літературі
260 _aК.
_bЛибідь
_c1991
300 _a271 с.
650 7 _a82 Література. Літературознавство
_2UDC
942 _cBK
_2udc
955 _a3
999 _c338144
_d338144